LEADER 01286naa a2200265 u 4500 001 000000111469 003 CaOOAMICUS 005 20080506152152.0 008 080506s2008 it 000 u ita c 020 $z978-88-308-0909-3* 040 $aANS$bita$cCC$dPUL$dLDB 245 00$aGrazia, sacramentalità, sacramenti :$bil problema del metodo in teologia sacramentaria /$ca cura di Francesco Giacchetta. 260 $aAssisi :$bCittadella,$c2008. 300 $a228 p.;$c21 cm. 490 1 $aGestis verbisque ;$v2 500 $aAtti del I seminario specialistico di teologia sacramentaria Istituto Teologico Marchigiano - Ancona (30 giugno-1 luglio 2006). 650 14$aSacramenti.$0(OLS)http://pul/subject/763 700 1 $aGiacchetta, Francesco.$0(OLS)http://pul/name/55605 830 0$aGestis verbisque ;$v2.$0(OLS)http://pul/title/138354 850 $aPUL 852 $aPUL$W1$xSL Religione 3$y85$m234 GIAFR 1$j127777$qDDC 21$B126482$CPULBib$Z2$F126482 $H107308 $82 941 1 $a9 996 $6020$z978-88-308-0909-3*$9(OLS)http://pul/number/137947 996 $6245$aGrazia, sacramentalità, sacramenti :$bil problema del metodo in teologia sacramentaria$9(OLS)http://pul/title/140186 996 $6260$aAssisi :$bCittadella$9(OLS)http://pul/publisher/49668 LEADER 01747nam a2200337 u 4500 001 000000050834 003 CaOOAMICUS 005 20070226115253.0 008 000901s1985 it ac u000 u fre u 035 $a10854385 040 $aPUL(R)$bita 041 0 $afre$alat 100 1 $aTaborin, Gabriel,$cs.,$d1799-1864.$0(OLS)http://pul/name/36547 245 10$aBellicen. beatificationis seu canonizationis servi Dei Gabrielis Taborin fundatoris Instituti Fratrum a S. Familia (m. 1864) :$bpositio super virtutibus ex officio concinnata /$cSacra Congregatio pro causis sanctorum. 260 $aRomae :$b[s.n.],$c1985. 300 $acxxi, 1245 p., 14 p. di tav. :$bant. (ritr.), ill. ;$c31 cm 490 1 $aSacra Congregatio pro Causis Sanctorum.$aOfficium Historicum ;$v124 500 $aContiene indici. 504 $aBibliografia in nota. 650 4$aBeatificazione e canonizzazione.$0(OLS)http://pul/subject/1480 700 1 $aPapa, Giovanni,$csac.$0(OLS)http://pul/name/2528 710 2 $aCongregatio Sacrorum Rituum.$0(OLS)http://pul/name/1563 830 0$aSacra Congregatio pro Causis Sanctorum.$pOfficium Historicum ;$v124.$0(OLS)http://pul/title/2678 850 $aPUL 852 $aPUL$W1$xDP1 Fondo Maccarrone$y58$m1524 B 14$j67400$nBK-PRI$b $qFondi$B67400$CPULBib$Z2$F67400 $H $81 941 1 $a1 960 $aCanonizzazione$91480 960 $aCanonizzazione$91480 961 $aINV: F. Maccarrone 996 $6245$aBellicen. beatificationis seu canonizationis servi Dei Gabrielis Taborin fundatoris Instituti Fratrum a S. Familia (m. 1864) :$bpositio super virtutibus ex officio concinnata$9(OLS)http://pul/title/68391 996 $6260$aRomae :$b[s.n.]$9(OLS)http://pul/publisher/48223